Score 0/24 Timer 01:30
2 Plays Today
Letter President % Correct
AObama
99.2%
BBiden
99.2%
OObama
99.2%
CClinton
97.3%
IBiden
97.3%
LClinton
97.3%
NBiden
97.3%
HBush
97.3%
SBush
97.3%
MTrump
94.5%
TTrump
93.7%
UTrump
93.5%
Letter President % Correct
EBiden
91.6%
GReagan
91.6%
RTrump
91.4%
KKennedy
89.1%
YKennedy
89.1%
XNixon
86.8%
DBiden
85.3%
FFord
85.3%
JJohnson
82.9%
VRoosevelt
75.2%
WEisenhower
74.7%
PTrump
65.2%
Remove Ads.
Support Sporcle.
Get the best of Sporcle when you Go Orange. This ad-free experience offers more features, more stats, and more fun while also helping to support Sporcle. Thank you for becoming a member.

You're not logged in!

Compare scores with friends on all Sporcle quizzes.
OR
Log In

Show Comments

Extras

Top Quizzes Today


Score Distribution

Your Account Isn't Verified!

In order to create a playlist on Sporcle, you need to verify the email address you used during registration. Go to your Sporcle Settings to finish the process.

Report this User

Report this user for behavior that violates our Community Guidelines.

Details: